Sports Quiz

Random Sports or Golf Quiz

Golf Same Major Twice Quiz Stats

 Plays Quiz not verified by Sporcle

Challenge
Share
Tweet
Embed
Score 0/55 Timer 06:00
0 Plays Today
Major Golfer % Correct
The MastersTiger Woods
99.3%
The U.S. OpenTiger Woods
99.3%
The Open ChampionshipTiger Woods
99.3%
The PGA ChampionshipTiger Woods
99.3%
The MastersJack Nicklaus
97.9%
The U.S. OpenJack Nicklaus
97.9%
The Open ChampionshipJack Nicklaus
97.9%
The PGA ChampionshipJack Nicklaus
97.9%
The MastersArnold Palmer
96.7%
The Open ChampionshipArnold Palmer
96.7%
The MastersTom Watson
96.4%
The Open ChampionshipTom Watson
96.4%
The MastersBubba Watson
96.1%
The MastersPhil Mickelson
95.6%
The MastersNick Faldo
92.7%
The Open ChampionshipNick Faldo
92.7%
The MastersGary Player
92%
The Open ChampionshipGary Player
92%
The PGA ChampionshipGary Player
92%
The U.S. OpenErnie Els
90.8%
The Open ChampionshipErnie Els
90.8%
The U.S. OpenBrooks Koepka
86.4%
The MastersSeve Ballesteros
86.1%
The Open ChampionshipSeve Ballesteros
86.1%
The MastersBen Hogan
85.7%
The U.S. OpenBen Hogan
85.7%
The PGA ChampionshipBen Hogan
85.7%
The PGA ChampionshipRory McIlroy
85.4%
Major Golfer % Correct
The Open ChampionshipPadraig Harrington
85.1%
The MastersSam Snead
81.3%
The PGA ChampionshipSam Snead
81.3%
The U.S. OpenLee Trevino
78.9%
The Open ChampionshipLee Trevino
78.9%
The PGA ChampionshipLee Trevino
78.9%
The MastersJose-Maria Olazabal
77.4%
The Open ChampionshipGreg Norman
76.6%
The PGA ChampionshipVijay Singh
73.6%
The MastersBen Crenshaw
73.1%
The U.S. OpenRetief Goosen
73.1%
The U.S. OpenPayne Stewart
72.9%
The MastersBernhard Langer
72.8%
The U.S. OpenCurtis Strange
70.7%
The U.S. OpenHale Irwin
66.2%
The PGA ChampionshipLarry Nelson
65%
The PGA ChampionshipNick Price
63.5%
The U.S. OpenLee Janzen
59.9%
The Open ChampionshipPeter Thomson
57.7%
The PGA ChampionshipRaymond Floyd
57.3%
The U.S. OpenAndy North
53.7%
The U.S. OpenBilly Casper
47.3%
The MastersJimmy Demaret
39%
The Open ChampionshipBobby Locke
35%
The U.S. OpenJulius Boros
33.3%
The U.S. OpenCary Middlecoff
31%
The PGA ChampionshipDave Stockton
30.6%

You're not logged in!

Compare scores with friends on all Sporcle quizzes.
OR
Log In

You Might Also Like...

Show Comments

Extras

Top Quizzes Today


Score Distribution

Your Account Isn't Verified!

In order to create a playlist on Sporcle, you need to verify the email address you used during registration. Go to your Sporcle Settings to finish the process.

Report this User

Report this user for behavior that violates our Community Guidelines.

Details: